| 000 | 00860cam a2200265 a 4500 | ||
|---|---|---|---|
| 001 | 16056039 | ||
| 005 | 20180315110130.0 | ||
| 008 | 100115s2011 nyu b 000 0 eng | ||
| 010 | _a 2009054311 | ||
| 020 | _a9780078110818 (alk. paper) | ||
| 020 | _a0078110815 | ||
| 035 | _a(OCoLC)ocn500185827 | ||
| 040 |
_aDLC _cDLC _dYDX _dYDXCP _dDLC |
||
| 041 | _aeng | ||
| 043 | _an-us--- | ||
| 080 | _a657.450973 THIB | ||
| 082 | 0 | 0 |
_a657.450973 THIB _222 |
| 100 | 1 | _a62 | |
| 101 | _aAUD | ||
| 245 | 1 | 0 |
_aAuditing and accounting cases : _cJay C. Thibodeau, Deborah Freier. |
| 504 | _aIncludes bibliographic references. | ||
| 906 |
_a7 _bcbc _corignew _d1 _eecip _f20 _gy-gencatlg |
||
| 942 |
_2ddc _cBK |
||
| 999 |
_c45182 _d45182 |
||